<?xml version="1.0" encoding="UTF-8"?><?xml-stylesheet type="text/xsl" href="static/style.xsl"?><OAI-PMH xmlns="http://www.openarchives.org/OAI/2.0/" xmlns:xsi="http://www.w3.org/2001/XMLSchema-instance" xsi:schemaLocation="http://www.openarchives.org/OAI/2.0/ http://www.openarchives.org/OAI/2.0/OAI-PMH.xsd"><responseDate>2026-04-27T07:39:44Z</responseDate><request verb="GetRecord" identifier="oai:uvadoc.uva.es:10324/57355" metadataPrefix="marc">https://uvadoc.uva.es/oai/request</request><GetRecord><record><header><identifier>oai:uvadoc.uva.es:10324/57355</identifier><datestamp>2023-10-30T09:29:29Z</datestamp><setSpec>com_10324_38</setSpec><setSpec>col_10324_852</setSpec></header><metadata><record xmlns="http://www.loc.gov/MARC21/slim" xmlns:doc="http://www.lyncode.com/xoai" xmlns:xsi="http://www.w3.org/2001/XMLSchema-instance" xmlns:dcterms="http://purl.org/dc/terms/" xsi:schemaLocation="http://www.loc.gov/MARC21/slim http://www.loc.gov/standards/marcxml/schema/MARC21slim.xsd">
<leader>00925njm 22002777a 4500</leader>
<datafield tag="042" ind1=" " ind2=" ">
<subfield code="a">dc</subfield>
</datafield>
<datafield tag="720" ind1=" " ind2=" ">
<subfield code="a">Ortega de la Lama, Paula</subfield>
<subfield code="e">author</subfield>
</datafield>
<datafield tag="260" ind1=" " ind2=" ">
<subfield code="c">2022</subfield>
</datafield>
<datafield tag="520" ind1=" " ind2=" ">
<subfield code="a">Grifols S.A es una empresa dedicada al sector industria química que opera a &#xd;
nivel internacional, aunque es de origen española. A día de hoy tiene una &#xd;
facturación en 2021 de cuatrocientos treinta uno mil ochocientos ochenta y cinco &#xd;
millones de euros.&#xd;
Actualmente Grifols es accionista de varios de sus organizaciones (véase en el &#xd;
anexo 1). Se ha mantenido fuerte ante difíciles situaciones económicas, &#xd;
ejerciendo su actividad farmacéutica principalmente en la provincia de &#xd;
Barcelona, aunque también está presente en el ámbito internacional.&#xd;
El principal objetivo de este análisis es determinar la situación económico financiera de Laboratorios Grifols durante un periodo determinado, a través de &#xd;
los datos obtenidos del estudio de sus estados financieros, para realizar una &#xd;
correcta interpretación de los resultados que sea fiel a la imagen que da la &#xd;
empresa.</subfield>
</datafield>
<datafield tag="024" ind2=" " ind1="8">
<subfield code="a">https://uvadoc.uva.es/handle/10324/57355</subfield>
</datafield>
<datafield ind1=" " ind2=" " tag="653">
<subfield code="a">Empresas - Análisis financiero</subfield>
</datafield>
<datafield tag="245" ind1="0" ind2="0">
<subfield code="a">Análisis de los estados financieros de  Grifols</subfield>
</datafield>
</record></metadata></record></GetRecord></OAI-PMH>